000 00588nam a2200193 i 4500
001 44166
003 ES-MaACL
005 20251017063045.0
007 t|
008 030320s1969 sp ||||1| spa d
100 1 _aCirlot, Juan-Eduardo,
_d1916-1973
_938898
245 1 0 _aDiccionario de símbolos /
_cJuan-Eduardo Cirlot.
250 _a[nueva ed. rev. y ampl.].
260 _a[Barcelona] :
_bLabor,
_c[1969]
300 _a494 p. :
_bil. ;
_c24 cm.
650 4 _aSignos y símbolos-
_vDiccionarios.
_9159051
852 _aES-MaACL
_jC-36171
_bR.69258
999 _c44166
_d44166